000 00545nam a2200169 4500
001 116341
003 ES-MaACL
007 t|
008 061121s1973 ag r ||||1| spa d
100 1 _aPatten, Bradley M.
_989606
245 1 0 _aEmbriología humana /
_cBradley M. Patten ; traducción por Félix P. Etchegoyen.
250 _a5ª ed., reimp.
260 _aBuenos Aires [etc.] :
_bLibrería `El Ateneo`,
_c1973.
300 _aXXIII, 678 p. :
_bil. ;
_c26 cm.
700 1 _aEtchegoyen, Félix P.
_948275
852 _aES-MaACL
_jE-7681
_bR.92103
999 _c116341
_d116341